| 000 | 00645nam a22002052 4500 | ||
|---|---|---|---|
| 001 | 0000007370 | ||
| 005 | 20151217152030.0 | ||
| 008 | 080117s xx 000 0 eng d | ||
| 020 |
_a1853830763 : _cKES |
||
| 040 |
_aKABU _cKABU |
||
| 245 | 1 | 0 |
_aBlueprint 2 : _bgreening the world economy / _ced. by David Pearce. |
| 260 |
_aLondon : _bEarthscan, _c1991. |
||
| 300 | _aix, 232 p. | ||
| 650 | 0 |
_aEconomic development _xEnvironmental aspects. _@0000150122 |
|
| 650 | 0 |
_aEnvironmental impact changes. _@0000158598 |
|
| 700 | 1 |
_aPearce, David. _@0000150136 |
|
| 908 | _a080117 | ||
| 950 | _@1 | ||
| 999 |
_c7505 _d7505 |
||